000 00373nam a2200145Ia 4500
008 100122s9999 xx 000 0 und d
082 _b29960
_a823
100 _aराजे शैलजा
245 _aसावट
260 _bप्रमोद प्रकाशन
_c1905
300 _a195
630 _aसावट
730 _aसावट
942 _cBOOK
999 _c415017
_d415014